| 000 | 00464nam a2200169Ia 4500 | ||
|---|---|---|---|
| 999 |
_c28855 _d28855 |
||
| 003 | OSt | ||
| 005 | 20201125144927.0 | ||
| 008 | 190216s9999||||xx |||||||||||||| ||und|| | ||
| 040 | _coclc | ||
| 082 |
_a920 _bJOH/D |
||
| 100 |
_aJohn, Antony _96716 |
||
| 245 | 0 |
_aDiego Maradona Thudarunna Porattom / _cAntony John |
|
| 260 |
_bIla Books, _aKochi: _c2006. |
||
| 300 | _a87p | ||
| 650 | _aLekhanam | ||
| 942 |
_cBK _2ddc _h920 _iJOH/P _k920 _mJOH/P |
||